| 000 | 00906nas a2200313 4500 | ||
|---|---|---|---|
| 001 | BR2011004730 | ||
| 003 | BR-BrBNA | ||
| 005 | 20231205115102.0 | ||
| 007 | ta | ||
| 008 | 230509b bl.|||p| |||| 00| 00por d | ||
| 040 |
_aBR-BrBNA _bpor _cBiblioteca Nacional de Agricultura |
||
| 041 | _a(Pt) | ||
| 072 | _aF04; F61 | ||
| 100 | 1 | _aChaves, L.H.G. | |
| 100 | 1 | _aCabral, P.C.P. | |
| 100 | 1 | _aBarros Júnior, G. | |
| 100 | 1 | _aLacerda, R.D. de | |
| 100 | 1 | _aDantas Júnior, E.E. | |
| 245 | 1 | _aZinco e cobre em pinhão manso. II. Teores dos elementos em folhas e caule | |
| 650 | _aPINHÃO DE PURGA | ||
| 650 | _aZINCO | ||
| 650 | _aCOBRE | ||
| 650 | _aFOLHA | ||
| 650 | _aCAULE | ||
| 650 | _aNUTRIENTE MINERAL | ||
| 773 | 0 |
_tRevista Caatinga (Brazil) _xISSN 0100-316X _g(Jul-Sep 2009), v. 22(3) p. 97-103 _wBR2011004730 |
|
| 909 |
_a202311 _bLúcia _c55 _dLúcia Elande |
||
| 942 |
_2AGRIS _n0 _cANA |
||
| 999 |
_c212006 _d212006 |
||